Out of the shadows (Record no. 82720)
[ view plain ]
| 000 -LEADER | |
|---|---|
| fixed length control field | 01101cab a22002655a 4500 |
| 001 - CONTROL NUMBER | |
| control field | L151168 |
| 008 - FIXED-LENGTH DATA ELEMENTS--GENERAL INFORMATION | |
| fixed length control field | 101005e20101002xxk 000 0 eng d |
| 035 ## - SYSTEM CONTROL NUMBER | |
| System control number | (Sirsi) u151168 |
| 041 0# - LANGUAGE CODE | |
| Language code of text/sound track or separate title | eng |
| 100 1# - MAIN ENTRY--PERSONAL NAME | |
| Personal name | Bickford-Smith, Stephen |
| 245 00 - TITLE STATEMENT | |
| Title | Out of the shadows |
| 260 ## - PUBLICATION, DISTRIBUTION, ETC. | |
| Date of publication, distribution, etc. | 2010 |
| 490 ## - SERIES STATEMENT | |
| Series statement | Estates Gazette |
| Volume/sequential designation | (1039) 2 October 2010, 102-104(3) |
| 520 ## - SUMMARY, ETC. | |
| Summary, etc. | "Huxruk II (CHC) Ltd v Heaney" ChD 14 July 2010 required the demoliton of part of a new development. Warns developers to take rights of lights into consideration when erecting a new building. Reviews case law on relating to rights of light and the granting of mandatory injunctions. |
| 590 ## - LOCAL NOTE (RLIN) | |
| Local note | KA |
| 650 24 - SUBJECT ADDED ENTRY--TOPICAL TERM | |
| Topical term or geographic name entry element | REGAN V PAUL PROPERTIES LTD AND OTHERS |
| 650 24 - SUBJECT ADDED ENTRY--TOPICAL TERM | |
| Topical term or geographic name entry element | HXRUK II (CHC) LTD V HEANEY |
| 650 24 - SUBJECT ADDED ENTRY--TOPICAL TERM | |
| Topical term or geographic name entry element | MIDTOWN LTD V CITY OF LONDON REAL PROPERTY CO LTD |
| 650 24 - SUBJECT ADDED ENTRY--TOPICAL TERM | |
| Topical term or geographic name entry element | SHELFER V CITY OF LONDON ELECTRIC LIGHTING CO LTD 1895 |
| 651 #4 - SUBJECT ADDED ENTRY--GEOGRAPHIC NAME | |
| Geographic name | ENGLAND AND WALES |
| 690 ## - LOCAL SUBJECT ADDED ENTRY--TOPICAL TERM (OCLC, RLIN) | |
| Topical term or geographic name as entry element | PROPERTY-PROPERTY MANAGEMENT-RIGHTS TO LIGHT DETERMINATIONS-RIGHT TO LIGHT |
| 700 1# - ADDED ENTRY--PERSONAL NAME | |
| Personal name | Baker, Matthew |
| 700 1# - ADDED ENTRY--PERSONAL NAME | |
| Personal name | Shaw, Keith |
| 942 ## - ADDED ENTRY ELEMENTS (KOHA) | |
| Suppress in OPAC | 0 |
| Withdrawn status | Lost status | Source of classification or shelving scheme | Damaged status | Not for loan | Home library | Current library | Shelving location | Date acquired | Total Checkouts | Full call number | Barcode | Date last seen | Copy number | Price effective from | Koha item type |
|---|---|---|---|---|---|---|---|---|---|---|---|---|---|---|---|
| Dewey Decimal Classification | London | London | Journal article | 05/10/2010 | L151168 | 151168-1001 | 06/08/2019 | 1 | 06/08/2019 | Journal article |